Energy policy

Bibliographic Details
Format: Book
Published: London : Butterworth Scientific Limited , 1986
Subjects:

MARC

LEADER 00000cam a2200000 7i4500
001 0000020107
005 20081128.0
020 |a 0301-4215 
040 |a INS 
090 0 0 |a HD9502.A1   |b E54 1986 
245 0 0 |a Energy policy 
260 |a London :   |b Butterworth Scientific Limited ,   |c 1986 
300 |a 1 v.(Various pagings) :   |b ill. ;   |c 28cm. 
650 0 0 |a Energy policy   |x Periodicals 
999 |a SER0001718   |b BOOK   |c Open Shelf   |e Default branch 
999 |a SER0001719   |b BOOK   |c Open Shelf   |e Default branch 
999 |a SER0001956   |b BOOK   |c Open Shelf   |e Default branch 
999 |a SER0001957   |b BOOK   |c Open Shelf   |e Default branch 
999 |a SER0001958   |b BOOK   |c Open Shelf   |e Default branch 
999 |a SER0001959   |b BOOK   |c Open Shelf   |e Default branch 
999 |a SER0001960   |b BOOK   |c Open Shelf   |e Default branch